000 00917nam0a22002291 4500
001 rc\1067007
005 20260406115000.0
035 _a(NLR Aleph) 006227290
090 _a6534155
_c6534155
100 _a20041129d1980 |||y0rusy50 ca
101 0 _arus
102 _aRU
105 _aa |||||||||
200 1 _aПесня про царя Ивана Васильевича, молодого опричника и удалого купца Калашникова
_e[Для детей]
_fМ.Ю. Лермонтов
_g[Худож. С.В. Калачев]
210 _aВоронеж
_cЦентр.-Чернозем. кн. изд-во
_d1980
215 _a30 с.
_cцв. ил.
_d20
700 1 _7ca
_8rus
_aЛермонтов
_bМ. Ю.
_cпоэт
_f1814-1841
_gМихаил Юрьевич
_9110383
_3RU\NLR\auth\77328
801 0 _aRU
_bNLR
_gpsbo
801 1 _aRU
_bELAR
_2rusmarc
852 _aNLR
_j80-4/15385
942 _cBOOK
980 _aNB